Bộ chương trình giáo dục Đại học đại cương giai đoạn 1 : Ban hành theo Quyết định số 3244/GD-ĐT ngày 12/09/1995 của Bộ trưởng Bộ Giáo dục và Đào tạo /
Tallennettuna:
| Yhteisötekijä: | |
|---|---|
| Aineistotyyppi: | Sách giấy |
| Kieli: | Vietnamese |
| Julkaistu: |
H. :
[s.n.],
1995
|
| Aiheet: | |
| Tagit: |
Lisää tagi
Ei tageja, Lisää ensimmäinen tagi!
|
| Thư viện lưu trữ: | Thư viện Trường Đại học Đà Lạt |
|---|
| LEADER | 00897nam a2200289 4500 | ||
|---|---|---|---|
| 001 | DLU120134209 | ||
| 005 | ##20120423 | ||
| 040 | # | # | |a DLU |b vie |
| 041 | # | # | |a vie |
| 044 | # | # | |a vn |
| 082 | # | # | |a 378.1 |b BOG |
| 110 | # | # | |a Bộ Giáo dục và Đào tạo. |
| 245 | # | # | |a Bộ chương trình giáo dục Đại học đại cương giai đoạn 1 : |b Ban hành theo Quyết định số 3244/GD-ĐT ngày 12/09/1995 của Bộ trưởng Bộ Giáo dục và Đào tạo / |c Bộ Giáo dục và Đào tạo. |
| 260 | # | # | |a H. : |b [s.n.], |c 1995 |
| 300 | # | # | |a 399 tr. ; |c 28 cm. |
| 650 | # | # | |a Giáo dục, Đại học |x Chương trình giảng dạy |z Việt Nam. |
| 923 | # | # | |a 01/2012SP |
| 991 | # | # | |a SH |
| 992 | # | # | |a 0 |
| 994 | # | # | |a KSP |
| 900 | # | # | |a True |
| 911 | # | # | |a Nguyễn Thanh Hương |
| 925 | # | # | |a G |
| 926 | # | # | |a A |
| 927 | # | # | |a SH |
| 980 | # | # | |a Thư viện Trường Đại học Đà Lạt |